000 00591nam a2200193Ia 4500
003 IN-BaIIA
008 211028s9999 xx 000 0 eng d
020 _a0-07-100607-9
040 _cIIA Library
080 _a621.7:744
_bSHI
100 _aShigley, Joseph Edward
_922027
245 0 _aMechanical engineering design
_cJoseph Edward Shigley and Charles R. Mischke
250 _a5th ed.
260 _aNew York
_bMcGraw-Hill
_c1989
300 _axxv, 779p.
650 _aMachine design
_911087
650 _aMechanical engineering
_9667
942 _cBK
999 _c12572
_d12572